| 000 | 00898nam2a2200229 4500 | ||
|---|---|---|---|
| 001 | RU\NLR\b_ik\113083 | ||
| 005 | 20250616225344.0 | ||
| 010 | _a5-8112-0155-9 | ||
| 035 | _a(NLR Aleph) 002186767 | ||
| 090 |
_a2857179 _c2857179 |
||
| 100 | _a20040604d2004 |||y0rusy50 ca | ||
| 101 | 0 | _aeng | |
| 102 | _aRU | ||
| 105 | _aab ||||||||| | ||
| 200 | 1 |
_aThe two towers _hvol. 2 |
|
| 215 |
_a240 с. _cил., карт, |
||
| 300 | _aВ вып. дан.: Две твердыни | ||
| 461 | 0 |
_1001RU\NLR\b_ik\115837 _12001#$aThe Lord of the rings$fJ.R.R. Tolkien$gКоммент., слов. Е.В. Гвоздковой$vB. 3$90 _1700#1$aTolkien$bJ. R.R.$f1892-1973$gJohn Ronald Reuel$4070 _92892230 _aTolkien, J. R.R. (1892-1973) _cМ. _d2004 _fJ.R.R. Tolkien _nАйрис-пресс _tThe Lord of the rings _y5811202032 _vB. 3$90 |
|
| 801 | 0 |
_aRU _bNLR _c20040604 _gPSBO |
|
| 942 | _cBOOK | ||
| 980 | _aNB | ||